<?xml version="1.0" encoding="UTF-8"?>
<record
    xmlns:xsi="http://www.w3.org/2001/XMLSchema-instance"
    xsi:schemaLocation="http://www.loc.gov/MARC21/slim http://www.loc.gov/standards/marcxml/schema/MARC21slim.xsd"
    xmlns="http://www.loc.gov/MARC21/slim">

  <leader>00356nam a2200133Ia 4500</leader>
  <controlfield tag="005">20251013221656.0</controlfield>
  <controlfield tag="008">251010s9999    xx            000 0 und d</controlfield>
  <datafield tag="041" ind1=" " ind2=" ">
    <subfield code="a">mar</subfield>
  </datafield>
  <datafield tag="100" ind1=" " ind2=" ">
    <subfield code="a">&#x917;&#x921;&#x915;&#x930;&#x940;  &#x92E;&#x93E;.</subfield>
    <subfield code="9">214538</subfield>
  </datafield>
  <datafield tag="245" ind1=" " ind2=" ">
    <subfield code="a">&#x905;&#x937;&#x94D;&#x91F;&#x92A;&#x948;&#x932;&#x942; &#x906;&#x91A;&#x93E;&#x930;&#x94D;&#x92F; &#x905;&#x924;&#x94D;&#x930;&#x947;</subfield>
  </datafield>
  <datafield tag="250" ind1=" " ind2=" ">
    <subfield code="a">1ST</subfield>
  </datafield>
  <datafield tag="260" ind1=" " ind2=" ">
    <subfield code="b">Shreevidya</subfield>
    <subfield code="c">1997</subfield>
  </datafield>
  <datafield tag="300" ind1=" " ind2=" ">
    <subfield code="a">72</subfield>
  </datafield>
  <datafield tag="999" ind1=" " ind2=" ">
    <subfield code="c">368830</subfield>
    <subfield code="d">368830</subfield>
  </datafield>
  <datafield tag="952" ind1=" " ind2=" ">
    <subfield code="0">0</subfield>
    <subfield code="1">0</subfield>
    <subfield code="4">0</subfield>
    <subfield code="7">0</subfield>
    <subfield code="a">SSMM</subfield>
    <subfield code="b">SSMM</subfield>
    <subfield code="d">2014-05-16</subfield>
    <subfield code="g">50.00</subfield>
    <subfield code="i">282</subfield>
    <subfield code="l">0</subfield>
    <subfield code="p">SSMM-ABK-010000834</subfield>
    <subfield code="r">2025-10-13 22:16:56</subfield>
    <subfield code="w">1997-02-12</subfield>
    <subfield code="y">BK</subfield>
    <subfield code="z">ABK010000834</subfield>
  </datafield>
</record>
